Trouver Le club avec le plus de Points A-Z - Statistiques

Statistiques générales
  • Ce quiz a été pris 99 fois
  • Le résultat moyen est 8 sur 24
Statistiques - réponses
Lettre Club % Correct
B FC Barcelone
90%
M Real Madrid
86%
A Arsenal
77%
C Chelsea
77%
D Borussia Dortmund
64%
J Juventus
55%
T Tottenham
55%
L Liverpool
47%
V Valence
44%
N Naples
42%
S Seville
40%
I Inter
36%
E Everton
25%
R AS Roma
22%
G Galatasaray
21%
P Paris-SG
16%
W Wolfsburg
13%
K Dynamo Kiev
9%
O Olympiakos
8%
Z Zenit St Petersburg
6%
F Frankfort
5%
Y Young Boys Berne
5%
U FC Utrecht
4%
H Hoffenheim
4%
Aucun quiz correspondant
Distribution des résultats
% des personnes avec chaque résultat
Percentile par nombre de réponses
Votre historique - résultats
Vous n’avez pas pris ce quiz